[Event "Puhajarve rap op 23rd"]
[Site "Puhajarve"]
[Date "2023.11.25"]
[Round "11"]
[White "Jussupow, Artur"]
[Black "Uurits, Karel"]
[Result "1-0"]
[WhiteElo "2559"]
[BlackElo "1730"]
[PlyCount "69"]
[EventDate "2023.11.24"]
[EventType "tourn (rapid)"]
[EventRounds "33"]
[EventCountry "EST"]
[SourceTitle "CB49_2023"]
[SourceDate "2023.12.06"]
[SourceVersion "1"]
[SourceVersionDate "2023.12.06"]
[SourceQuality "1"]

1. d4 d5 2. Nf3 Nf6 3. e3 e6 4. Bd3 c5 5. b3 Nc6 6. Bb2 cxd4 7. exd4 Bd6 8. 0-0 0-0 9. Nbd2 a6 10. a3 b5 11. Ne5 Qc7 12. f4 Bb7 13. Kh1 Rac8 14. Rf3 Ne7 15. Rh3 Ne4 16. Qe1 Ng6 17. Nxg6 fxg6 18. g3 Qf7 19. Nf3 h6 20. Qe2 Rc7 21. Rf1 Qf5 22. Qg2 Qf7 23. Kg1 Qd7 24. Nh4 Qf7 25. Bc1 Qf6 26. Nf3 Bc6 27. g4 Bxf4 28. Bxf4 Qxf4 29. Ne5 Qg5 30. Rhf3 Rxf3 31. Qxf3 Nd2 32. Qf8+ Kh7 33. Bxg6+ Qxg6 34. Nxg6 Kxg6 35. Qd6 1-0

[Event "Puhajarve rap op 23rd"]
[Site "Puhajarve"]
[Date "2023.11.24"]
[Round "2"]
[White "Narva, Mai"]
[Black "Jussupow, Artur"]
[Result "1-0"]
[WhiteElo "2387"]
[BlackElo "2559"]
[PlyCount "97"]
[EventDate "2023.11.24"]
[EventType "tourn (rapid)"]
[EventRounds "33"]
[EventCountry "EST"]
[SourceTitle "CB49_2023"]
[SourceDate "2023.12.06"]
[SourceVersion "1"]
[SourceVersionDate "2023.12.06"]
[SourceQuality "1"]

1. e4 e5 2. Nf3 Nf6 3. Nxe5 d6 4. Nf3 Nxe4 5. d3 Nf6 6. d4 Be7 7. Bd3 0-0 8. 0-0 Bg4 9. Re1 c5 10. h3 Bh5 11. Bg5 Nc6 12. g4 Bg6 13. Bxg6 hxg6 14. d5 Nb4 15. Bxf6 Bxf6 16. c3 Na6 17. Nbd2 Qd7 18. Ne4 Rae8 19. Nxf6+ gxf6 20. Qd2 Kg7 21. Qf4 Nc7 22. c4 b5 23. b3 bxc4 24. bxc4 Rxe1+ 25. Rxe1 Rb8 26. Nd2 Rb4 27. Qe3 Na8 28. a3 Ra4 29. Qc3 Nb6 30. Re3 Qd8 31. g5 Nd7 32. f4 Qa5 33. Qb2 Qb6 34. Rb3 Qd8 35. Re3 Qb6 36. Qc2 Ra6 37. Re7 Qd8 38. Qe4 Rxa3 39. Re8 Qa5 40. Nf1 Rxh3 41. Qg2 Qc3 42. Rd8 Qd4+ 43. Qf2 Rh1+ 44. Kg2 Qe4+ 45. Kg3 Qf5 46. Qg2 Rh5 47. Ne3 Qd3 48. Qf3 Nb6 49. gxf6+ 1-0

[Event "WchT Seniors 50"]
[Site "Prague"]
[Date "2020.03.11"]
[Round "6.2"]
[White "Kaidanov, Gregory S"]
[Black "Jussupow, Artur"]
[Result "1/2-1/2"]
[WhiteElo "2546"]
[BlackElo "2560"]
[PlyCount "33"]
[EventDate "2020.03.06"]
[EventType "team-swiss"]
[EventRounds "7"]
[EventCountry "CZE"]
[SourceTitle "CBM 195 Extra"]
[Source "ChessBase"]
[SourceDate "2020.05.31"]
[SourceVersion "1"]
[SourceVersionDate "2020.05.31"]
[SourceQuality "1"]
[WhiteTeam "United States 50"]
[BlackTeam "Germany 50"]
[WhiteTeamCountry "USA"]
[BlackTeamCountry "GER"]

1. Nf3 d5 2. g3 c6 3. Bg2 g6 4. 0-0 Bg7 5. d4 Nf6 6. Bf4 Nbd7 7. Qc1 h6 8. c4 g5 9. Bd2 Ne4 10. cxd5 cxd5 11. Nc3 Nb6 12. Nxe4 dxe4 13. Ne5 Bf5 14. Qc5 Qd5 15. Qxd5 Nxd5 16. e3 g4 17. Rfc1 1/2-1/2

[Event "WchT Seniors 50"]
[Site "Prague"]
[Date "2020.03.09"]
[Round "4.3"]
[White "Stohl, Igor"]
[Black "Jussupow, Artur"]
[Result "1/2-1/2"]
[WhiteElo "2470"]
[BlackElo "2560"]
[PlyCount "59"]
[EventDate "2020.03.06"]
[EventType "team-swiss"]
[EventRounds "7"]
[EventCountry "CZE"]
[SourceTitle "CBM 195 Extra"]
[Source "ChessBase"]
[SourceDate "2020.05.31"]
[SourceVersion "1"]
[SourceVersionDate "2020.05.31"]
[SourceQuality "1"]
[WhiteTeam "Slovakia 50"]
[BlackTeam "Germany 50"]
[WhiteTeamCountry "SVK"]
[BlackTeamCountry "GER"]

1. Nf3 Nf6 2. c4 e6 3. d4 Bb4+ 4. Bd2 a5 5. g3 b6 6. Bg2 Bb7 7. 0-0 0-0 8. Bf4 Be7 9. Nc3 Ne4 10. Qc2 Nxc3 11. Qxc3 d6 12. Rad1 Nd7 13. Ne1 Bxg2 14. Nxg2 Bf6 15. Qc2 Re8 16. Bc1 e5 17. dxe5 Nxe5 18. Nf4 Bg5 19. Nd5 Bxc1 20. Qxc1 Qd7 21. b3 Nc6 22. Rfe1 Nb4 23. Nc3 Qh3 24. e4 Rac8 25. Qd2 Na6 26. f3 Nc5 27. Qg2 Qe6 28. Qd2 Qh3 29. Qg2 Qe6 30. Qd2 1/2-1/2

[Event "Puhajarve rap op 20th"]
[Site "Puhajarve"]
[Date "2019.12.01"]
[Round "32"]
[White "Sirosh, Ilja"]
[Black "Jussupow, Artur"]
[Result "1/2-1/2"]
[WhiteElo "2390"]
[BlackElo "2563"]
[PlyCount "50"]
[EventDate "2019.11.29"]
[EventType "tourn (rapid)"]
[EventRounds "35"]
[EventCountry "EST"]
[SourceTitle "CBM 193 Extra"]
[Source "ChessBase"]
[SourceDate "2020.01.31"]
[SourceVersion "1"]
[SourceVersionDate "2020.01.31"]
[SourceQuality "1"]

1. d4 e6 2. c4 f5 3. g3 Nf6 4. Bg2 d5 5. Nh3 c6 6. 0-0 Be7 7. Nd2 0-0 8. Nf3 Ne4 9. Nf4 Bf6 10. Nd3 Bd7 11. Nfe5 Be8 12. f3 Nd6 13. c5 Nf7 14. Bf4 Nd7 15. Nxf7 Bxf7 16. Ne5 Nxe5 17. Bxe5 Bxe5 18. dxe5 Qa5 19. Qd4 b6 20. Rfc1 Rfb8 21. b3 Be8 22. Bf1 bxc5 23. Rxc5 Qb4 24. e3 a5 25. Rc3 Qxd4 1/2-1/2

[Event "BL2-West 1819"]
[Site "Germany"]
[Date "2019.03.24"]
[Round "8.1"]
[White "Jussupow, Artur"]
[Black "Lobron, Eric"]
[Result "1/2-1/2"]
[WhiteElo "2561"]
[BlackElo "2512"]
[PlyCount "75"]
[EventDate "2018.11.21"]
[EventType "team-tourn"]
[EventRounds "9"]
[EventCountry "GER"]
[SourceTitle "CBM 190 Extra"]
[Source "ChessBase"]
[SourceDate "2019.07.15"]
[SourceVersion "1"]
[SourceVersionDate "2019.07.15"]
[SourceQuality "1"]
[WhiteTeam "Solingen II"]
[BlackTeam "Mainz Schott"]
[WhiteTeamCountry "GER"]
[BlackTeamCountry "GER"]

1. d4 Nf6 2. c4 e6 3. Nc3 Bb4 4. e3 0-0 5. Bd3 d5 6. Nf3 c5 7. 0-0 Nc6 8. cxd5 exd5 9. dxc5 Bxc5 10. h3 Qe7 11. b3 Rd8 12. Bb2 d4 13. exd4 Nxd4 14. Na4 Nxf3+ 15. Qxf3 Bd4 16. Bxd4 Rxd4 17. Rad1 Rd8 18. Bc4 Be6 19. Bxe6 fxe6 20. Nb2 Rd5 21. Nc4 Rad8 22. Ne3 Rxd1 23. Rxd1 Rxd1+ 24. Qxd1 b5 25. Qc2 h5 26. Nf1 Qd6 27. Nh2 Qd5 28. Nf3 Ne4 29. h4 b4 30. Qc8+ Kh7 31. Qe8 Qd1+ 32. Kh2 Qd6+ 33. g3 Qc5 34. Ng5+ Nxg5 35. Qxh5+ Kg8 36. Qe8+ Kh7 37. Qh5+ Kg8 38. Qe8+ 1/2-1/2

[Event "BL2-West 1819"]
[Site "Germany"]
[Date "2019.01.20"]
[Round "5.1"]
[White "Jussupow, Artur"]
[Black "Buckels, Valentin"]
[Result "0-1"]
[WhiteElo "2568"]
[BlackElo "2441"]
[PlyCount "128"]
[EventDate "2018.11.21"]
[EventType "team-tourn"]
[EventRounds "9"]
[EventCountry "GER"]
[SourceTitle "CBM 190 Extra"]
[Source "ChessBase"]
[SourceDate "2019.07.15"]
[SourceVersion "1"]
[SourceVersionDate "2019.07.15"]
[SourceQuality "1"]
[WhiteTeam "Solingen II"]
[BlackTeam "Muelheim Nord II"]
[WhiteTeamCountry "GER"]
[BlackTeamCountry "GER"]

1. d4 Nf6 2. Nf3 e6 3. Bg5 d5 4. e3 c5 5. c3 h6 6. Bh4 Nc6 7. Nbd2 Be7 8. Bd3 cxd4 9. exd4 Nh5 10. Bxe7 Qxe7 11. Ne5 Nf4 12. Bb5 0-0 13. Bxc6 f6 14. Ng6 Nxg6 15. Ba4 e5 16. 0-0 Be6 17. Qf3 exd4 18. Rae1 Ne5 19. Qg3 dxc3 20. Qxc3 Qd6 21. Qd4 Bf5 22. Bb3 Rfd8 23. Rd1 Kh8 24. Rfe1 Nc6 25. Qh4 d4 26. Ne4 Qf8 27. Qf4 Bh7 28. h4 d3 29. Ng3 Rd4 30. Qc7 Qc8 31. Qf7 Ne5 32. Qe7 Qd7 33. Qxd7 Rxd7 34. f4 Nc6 35. f5 Ne5 36. Re4 Rad8 37. Be6 Rc7 38. Nf1 Rc6 39. Rb4 b6 40. Ne3 Bg8 41. Bxg8 Kxg8 42. Rd2 Rcd6 43. Kf2 Rd4 44. Rxd4 Rxd4 45. g3 a5 46. b3 a4 47. Rb2 b5 48. Ke1 Nd7 49. Kd2 Nc5 50. Kc3 Rd8 51. Kb4 Ne4 52. Rg2 axb3 53. axb3 d2 54. Nd1 Rd5 55. g4 h5 56. gxh5 Kh7 57. Rg4 Nd6 58. Kc3 Nxf5 59. Rg2 Nd6 60. Kc2 Ne4 61. Rg4 f5 62. Rg6 Rc5+ 63. Kd3 Rc1 64. Ke2 f4 0-1

[Event "BL2-West 1819"]
[Site "Germany"]
[Date "2018.12.16"]
[Round "4.1"]
[White "Seel, Christian"]
[Black "Jussupow, Artur"]
[Result "1/2-1/2"]
[WhiteElo "2486"]
[BlackElo "2569"]
[PlyCount "27"]
[EventDate "2018.11.21"]
[EventType "team-tourn"]
[EventRounds "9"]
[EventCountry "GER"]
[SourceTitle "CBM 190 Extra"]
[Source "ChessBase"]
[SourceDate "2019.07.15"]
[SourceVersion "1"]
[SourceVersionDate "2019.07.15"]
[SourceQuality "1"]
[WhiteTeam "Aachen SV"]
[BlackTeam "Solingen II"]
[WhiteTeamCountry "GER"]
[BlackTeamCountry "GER"]

1. Nf3 d5 2. d4 Nf6 3. c4 e6 4. Nc3 Be7 5. Bf4 0-0 6. e3 b6 7. cxd5 Nxd5 8. Nxd5 Qxd5 9. Be2 Bb7 10. 0-0 Rc8 11. Ne1 Qd8 12. Bf3 Bxf3 13. Nxf3 c5 14. dxc5 1/2-1/2

[Event "Puhajarve rap op 19th"]
[Site "Puhajarve"]
[Date "2018.11.24"]
[Round "18"]
[White "Meskovs, Nikita"]
[Black "Jussupow, Artur"]
[Result "1-0"]
[WhiteElo "2539"]
[BlackElo "2569"]
[PlyCount "91"]
[EventDate "2018.11.23"]
[EventType "tourn (rapid)"]
[EventRounds "35"]
[EventCountry "EST"]
[SourceTitle "CBM 187 Extra"]
[Source "ChessBase"]
[SourceDate "2018.11.04"]
[SourceVersion "1"]
[SourceVersionDate "2018.11.04"]
[SourceQuality "1"]

1. c4 e6 2. Nf3 d5 3. d4 Nf6 4. g3 Bb4+ 5. Bd2 Be7 6. Bg2 0-0 7. 0-0 Nbd7 8. Bf4 c6 9. Nc3 dxc4 10. e4 b5 11. d5 exd5 12. exd5 Nxd5 13. Nxd5 cxd5 14. Qxd5 Nb6 15. Qxd8 Rxd8 16. Ne5 Bf5 17. Bxa8 Rxa8 18. Nc6 Bf8 19. Rfe1 Nd5 20. Re5 Be6 21. Rd1 Nxf4 22. gxf4 Bg4 23. Rd2 a6 24. Kg2 f6 25. Re1 Kf7 26. Kg3 Bf5 27. Rd5 g6 28. h4 Rc8 29. Nd4 Bd3 30. Rd7+ Kg8 31. a3 c3 32. bxc3 Bxa3 33. Nc6 Bf5 34. Ne7+ Bxe7 35. Rdxe7 Rxc3+ 36. f3 Rc8 37. Ra7 b4 38. Ree7 g5 39. fxg5 fxg5 40. hxg5 b3 41. Rg7+ Kh8 42. Rgb7 Bc2 43. Rxa6 Rg8 44. f4 Rc8 45. Kh4 Rf8 46. Rf6 1-0

[Event "WchT Seniors 50"]
[Site "Dresden"]
[Date "2018.07.11"]
[Round "5.1"]
[White "Jussupow, Artur"]
[Black "Emms, John M"]
[Result "1/2-1/2"]
[WhiteElo "2580"]
[BlackElo "2488"]
[PlyCount "63"]
[EventDate "2018.07.07"]
[EventType "team-swiss"]
[EventRounds "9"]
[EventCountry "GER"]
[SourceTitle "CBM 185 Extra"]
[Source "ChessBase"]
[SourceDate "2018.07.29"]
[SourceVersion "1"]
[SourceVersionDate "2018.07.29"]
[SourceQuality "1"]
[WhiteTeam "Lasker Schachstiftung"]
[BlackTeam "England"]
[WhiteTeamCountry "GER"]
[BlackTeamCountry "ENG"]

1. d4 Nf6 2. Nf3 e6 3. e3 c5 4. c4 a6 5. Nc3 d5 6. cxd5 exd5 7. g3 Nc6 8. Bg2 Bd6 9. dxc5 Bxc5 10. 0-0 0-0 11. b3 Be6 12. Bb2 Qe7 13. Ne2 Rac8 14. Ned4 Nxd4 15. Nxd4 Ba3 16. Bxa3 Qxa3 17. Qd2 Bd7 18. Rfc1 Ne4 19. Qe1 Qb2 20. a4 h6 21. Rcb1 Qc3 22. Qxc3 Nxc3 23. Rc1 a5 24. Rc2 Ne4 25. Rac1 Rxc2 26. Rxc2 Rc8 27. Rxc8+ Bxc8 28. Kf1 Kf8 29. Ke2 Ke7 30. f3 Nc5 31. Kd2 Bd7 32. Kc3 1/2-1/2

[Event "WchT Seniors 50"]
[Site "Dresden"]
[Date "2018.07.09"]
[Round "3.3"]
[White "Jussupow, Artur"]
[Black "Preuss, Heiko"]
[Result "1/2-1/2"]
[WhiteElo "2580"]
[BlackElo "2235"]
[PlyCount "84"]
[EventDate "2018.07.07"]
[EventType "team-swiss"]
[EventRounds "9"]
[EventCountry "GER"]
[SourceTitle "CBM 185 Extra"]
[Source "ChessBase"]
[SourceDate "2018.07.29"]
[SourceVersion "1"]
[SourceVersionDate "2018.07.29"]
[SourceQuality "1"]
[WhiteTeam "Lasker Schachstiftung"]
[BlackTeam "Ulm Post"]
[WhiteTeamCountry "GER"]
[BlackTeamCountry "GER"]

1. d4 Nf6 2. Nf3 d5 3. c4 e6 4. Nc3 Be7 5. Bg5 c6 6. e3 Ne4 7. Bxe7 Qxe7 8. Qc2 Nxc3 9. Qxc3 0-0 10. Bd3 f5 11. 0-0 Bd7 12. Qa3 Qxa3 13. bxa3 Bc8 14. Rfc1 Nd7 15. Rab1 g6 16. a4 a5 17. Ng5 Nf6 18. f4 Kg7 19. h3 Ne8 20. c5 Nf6 21. Rb2 Re8 22. Rcb1 Re7 23. Nf3 Rc7 24. Kf2 Kf8 25. Rg1 Ke8 26. g4 Re7 27. Ne5 Kd8 28. Kg3 Kc7 29. Kh4 Nd7 30. Nxd7 Bxd7 31. Rgb1 Ra7 32. Kg5 Rf7 33. Kh6 Be8 34. Be2 Kd8 35. h4 Kc7 36. g5 Re7 37. h5 Kd8 38. Rb6 Kc7 39. Bf3 Kd8 40. Be2 Kc7 41. Bf3 Kc8 42. Be2 Kc7 1/2-1/2

[Event "EU-ch rapid"]
[Site "Katowice"]
[Date "2017.12.17"]
[Round "10"]
[White "Sakalauskas, Vaidas"]
[Black "Jussupow, Artur"]
[Result "1/2-1/2"]
[WhiteElo "2351"]
[BlackElo "2582"]
[PlyCount "77"]
[EventDate "2017.12.16"]
[EventType "swiss (rapid)"]
[EventRounds "11"]
[EventCountry "POL"]
[SourceTitle "CBM 182 Extra"]
[Source "ChessBase"]
[SourceDate "2018.02.23"]
[SourceVersion "1"]
[SourceVersionDate "2018.02.23"]
[SourceQuality "1"]

1. d4 Nf6 2. c4 e6 3. Nc3 d5 4. cxd5 exd5 5. Bg5 Be7 6. e3 Nbd7 7. Bd3 0-0 8. Qc2 Re8 9. Nge2 Nf8 10. 0-0 c6 11. f3 Be6 12. Rad1 Rc8 13. Kh1 b5 14. a3 a5 15. Rfe1 Nh5 16. Bxe7 Qxe7 17. e4 dxe4 18. fxe4 b4 19. axb4 axb4 20. Na4 Nd7 21. Rc1 Bg4 22. e5 g6 23. Ng3 Nxg3+ 24. hxg3 Be6 25. Nc5 Nxc5 26. Qxc5 Qg5 27. Kh2 h5 28. Be4 Red8 29. Rcd1 h4 30. gxh4 Qxh4+ 31. Kg1 Bd5 32. Qc2 b3 33. Qf2 Qxf2+ 34. Kxf2 Bxe4 35. Rxe4 c5 36. d5 c4 37. e6 fxe6 38. Rxe6 Rc5 39. Rxg6+ 1/2-1/2

[Event "EU-ch rapid"]
[Site "Katowice"]
[Date "2017.12.16"]
[Round "5"]
[White "Jussupow, Artur"]
[Black "Rawicz, Karol"]
[Result "0-1"]
[WhiteElo "2582"]
[BlackElo "2164"]
[PlyCount "126"]
[EventDate "2017.12.16"]
[EventType "swiss (rapid)"]
[EventRounds "11"]
[EventCountry "POL"]
[SourceTitle "CBM 182 Extra"]
[Source "ChessBase"]
[SourceDate "2018.02.23"]
[SourceVersion "1"]
[SourceVersionDate "2018.02.23"]
[SourceQuality "1"]

1. d4 d5 2. e3 Nf6 3. Bd3 g6 4. f4 Bg7 5. Nf3 0-0 6. 0-0 b6 7. Qe2 c5 8. c3 Bb7 9. Bd2 Nbd7 10. Be1 Ne4 11. Nbd2 Ndf6 12. Ne5 Nxd2 13. Bxd2 Ne4 14. Be1 Qc7 15. Bg3 Nxg3 16. hxg3 f6 17. Nxg6 hxg6 18. Bxg6 e6 19. Qh5 Rfd8 20. g4 Kf8 21. Rf3 Ke7 22. Rh3 Rh8 23. Bh7 Raf8 24. Qg6 Kd8 25. Kf2 Bc6 26. Rah1 Be8 27. Qd3 Kc8 28. Bg6 Bf7 29. Rh7 Rxh7 30. Rxh7 Bg8 31. Rh1 cxd4 32. cxd4 Kb8 33. Qa3 e5 34. Kg3 exf4+ 35. exf4 Rd8 36. Qe3 Bf7 37. Rc1 Qb7 38. Bf5 Re8 39. Qa3 Bf8 40. Qa4 Qe7 41. Qb3 Bh6 42. Qc3 Qe3+ 43. Qxe3 Rxe3+ 44. Kf2 Bxf4 45. Rc8+ Kb7 46. g3 Bg5 47. Rc2 Re8 48. Rc3 Be6 49. Kf3 Bxf5 50. gxf5 Re4 51. Rd3 b5 52. a3 a5 53. b3 a4 54. Kf2 Kb6 55. b4 Kc6 56. Rc3+ Kd6 57. Rc5 Rxd4 58. Rxb5 Rd3 59. Ra5 Rxa3 60. Ra6+ Ke5 61. b5 Kxf5 62. b6 Rb3 63. Rxa4 Rxb6 0-1

[Event "EU-ch blitz"]
[Site "Katowice"]
[Date "2017.12.15"]
[Round "22"]
[White "Jaracz, Pawel"]
[Black "Jussupow, Artur"]
[Result "0-1"]
[WhiteElo "2465"]
[BlackElo "2582"]
[PlyCount "116"]
[EventDate "2017.12.15"]
[EventType "swiss (blitz)"]
[EventRounds "22"]
[EventCountry "POL"]
[SourceTitle "CBM 182 Extra"]
[Source "ChessBase"]
[SourceDate "2018.02.23"]
[SourceVersion "1"]
[SourceVersionDate "2018.02.23"]
[SourceQuality "1"]

1. c4 e5 2. Nc3 Nc6 3. g3 g6 4. Bg2 Bg7 5. d3 d6 6. e4 f5 7. Nge2 Nf6 8. h3 0-0 9. Be3 Be6 10. Qd2 Qd7 11. Nd5 Rf7 12. exf5 gxf5 13. Nxf6+ Rxf6 14. f4 Re8 15. 0-0 Bf7 16. Nc3 Rg6 17. Kh2 Nd4 18. Rae1 Ne6 19. fxe5 Bxe5 20. Ne2 c5 21. Nf4 Nxf4 22. Bxf4 Rge6 23. Bxe5 Rxe5 24. Rxe5 dxe5 25. Qg5+ Bg6 26. h4 Qd8 27. Rxf5 Qxg5 28. Rxg5 Kf7 29. Bxb7 Bxd3 30. h5 h6 31. Rg4 Kf6 32. Be4 Bxe4 33. Rxe4 Kf5 34. Re2 e4 35. Kg2 Rd8 36. b3 Rd3 37. Rf2+ Ke5 38. Rf7 Rd2+ 39. Kh3 e3 40. Re7+ Kd4 41. Kg4 Rf2 42. Rxa7 e2 43. Re7 Kd3 44. a4 Kd2 45. Rd7+ Kc3 46. Re7 Kd2 47. Rd7+ Ke1 48. a5 Kf1 49. Re7 e1Q 50. Rxe1+ Kxe1 51. a6 Rf6 52. a7 Rf8 53. Kh4 Kf2 54. g4 Rg8 55. g5 hxg5+ 56. Kg4 Ra8 57. h6 Rxa7 58. Kxg5 Ke3 0-1

[Event "EU-ch blitz"]
[Site "Katowice"]
[Date "2017.12.15"]
[Round "13"]
[White "Jussupow, Artur"]
[Black "Zhigalko, Sergei"]
[Result "0-1"]
[WhiteElo "2582"]
[BlackElo "2641"]
[PlyCount "118"]
[EventDate "2017.12.15"]
[EventType "swiss (blitz)"]
[EventRounds "22"]
[EventCountry "POL"]
[SourceTitle "CBM 182 Extra"]
[Source "ChessBase"]
[SourceDate "2018.02.23"]
[SourceVersion "1"]
[SourceVersionDate "2018.02.23"]
[SourceQuality "1"]

1. d4 Nf6 2. Nf3 e6 3. e3 b6 4. Bd3 Bb7 5. 0-0 d5 6. Ne5 Bd6 7. Nd2 0-0 8. f4 Ne4 9. Nxe4 dxe4 10. Bc4 Bd5 11. Be2 f6 12. Ng4 Nd7 13. c4 Bb7 14. b3 a5 15. a4 Qe7 16. Bb2 Rad8 17. Qe1 Nb8 18. Qh4 Nc6 19. f5 Bc8 20. fxe6 f5 21. Qxe7 Nxe7 22. Nf2 c6 23. Nh3 Bxe6 24. Ng5 Bc8 25. Rac1 h6 26. Nh3 g5 27. c5 bxc5 28. dxc5 Bc7 29. g4 Nd5 30. Bc4 Kh7 31. Bxd5 Rxd5 32. Nf2 Re8 33. gxf5 Bxf5 34. Bd4 Kg6 35. h3 h5 36. Kg2 Re7 37. Rcd1 Red7 38. Nh1 Be5 39. Ng3 Bxd4 40. exd4 h4 41. Nxf5 Rxf5 42. Rfe1 Rf4 43. d5 Rxd5 44. Rxd5 cxd5 45. c6 Rf7 46. Rc1 Rc7 47. Rc5 Kf6 48. Rxd5 Rxc6 49. Rxa5 Rc2+ 50. Kg1 e3 51. Kf1 Rb2 52. Rb5 Kg6 53. a5 g4 54. hxg4 h3 55. Rh5 h2 56. a6 Rb1+ 57. Kg2 e2 58. a7 e1Q 59. a8Q h1Q+ 0-1